00778cam a2200265 45000010008000000030004000080050017000120080041000290100017000700200015000870400018001020500025001200820013001451000033001582450084001912500014002752600038002893000022003273500009003495040078003585210007004365260008004436550031004517000030004823126529OSt20140407141428.0690806s1969 nyua b 000 1 eng  a 70077916  a0590418688 aDLCcDLCdDLC00aPZ 10.3b.N76Wo 196900a813/.5/21 aNorth, Sterling,d1906-1974.14aThe wolfling :ba documentary novel of the eighteen-seventies /cSterling North a[1st ed.] aNew York,bScholastic Inc.c1969. a250 p. :c22 cm.  a5.95 aBibliographical references included in "Documentary notes" (p. [205]-222) aG8 c910 7aHistorical fiction.2gsafd1 aSchoenherr, John,eillus.